[Event "Mechanics' Fall TNM; G/2"]
[Site "San Francisco"]
[Date "2016.11.15"]
[Round "5.28"]
[White "Hilliard, Michael"]
[Black "Yanofsky, Kevin"]
[Result "0-1"]
[WhiteElo "1400"]
[BlackElo "1694"]
[Annotator "Donaldson"]
[PlyCount "122"]
[EventDate "2016.??.??"]

1. d4 Nf6 2. Nf3 e6 3. e3 b6 4. Nbd2 c5 5. c3 Bb7 6. Bd3 Be7 7. O-O O-O 8. e4
cxd4 9. cxd4 Nc6 10. a3 Rc8 11. b4 d5 12. e5 Nd7 13. Bb2 f6 14. Qb1 f5 15. Bc3
$2 Ncxe5 16. Rc1 Nc4 17. Bb2 Nxd2 18. Nxd2 Nf6 19. f3 Qd6 20. Re1 Bd8 21. Re5
Bc7 22. Qe1 Rce8 23. Nf1 g5 24. Rc1 Rf7 25. Rc2 Bc8 26. Bc1 Rg7 27. Bd2 Kh8 28.
Qc1 Reg8 29. g3 f4 30. g4 h5 31. h3 hxg4 32. hxg4 Qd7 33. Re2 Re8 34. Rh2+ Kg8
35. Rh6 Rf8 36. Rg6 Rff7 37. Rh6 Bb7 38. Be1 e5 39. Rch2 Kf8 40. Bg6 Ng8 41.
Bxf7 Nxh6 42. Bh5 e4 43. b5 e3 44. Bb4+ Kg8 45. Qc2 Bd6 46. Bg6 Bxb4 47. axb4
Qxb5 48. Bd3 (48. Rxh6 e2 49. Bh7+ Kf8 50. Bd3 exf1=Q+ 51. Bxf1 Qd7 52. Qh2 {
wins.}) 48... Qc6 49. Qxc6 Bxc6 50. Rxh6 Ba4 51. Re6 (51. Rd6) 51... Bd1 52.
Kg2 Rc7 53. Re5 Rc3 54. Rxg5+ Kf7 55. Rf5+ Kg6 56. Bb1 e2 57. Re5+ Kg7 58. Rg5+
Kf8 59. Rf5+ Ke7 60. Re5+ Kd6 61. Kf2 $4 Rxf3+ 0-1

[Event "Mechanics' Spring TNM; G/2"]
[Site "San Francisco"]
[Date "2016.03.29"]
[Round "3.20"]
[White "Hilliard, Mike"]
[Black "McKellar, Daniel"]
[Result "0-1"]
[WhiteElo "1400"]
[BlackElo "1616"]
[PlyCount "128"]
[EventDate "2016.??.??"]

1. d4 d5 2. Nf3 Nf6 3. e3 Bf5 4. c4 e6 5. Qb3 Qc8 6. Nc3 c6 7. cxd5 exd5 8. Bd2
Bd6 9. Rc1 a6 10. Na4 Nbd7 11. Bb4 Bxb4+ 12. Qxb4 a5 13. Qa3 Qd8 14. Nc5 Qb6
15. Nd3 Bxd3 16. Bxd3 Qb4+ 17. Qc3 Ne4 18. Bxe4 dxe4 19. Nd2 f5 20. O-O Nf6 21.
a3 Qxc3 22. bxc3 b5 23. c4 g6 24. cxb5 cxb5 25. Rc5 b4 26. axb4 axb4 27. Rfc1
Ke7 28. Rc7+ Nd7 29. Nb3 Kd8 30. R1c4 Nb6 31. R4c6 Ra3 32. g3 Rxb3 33. Rb7 Na4
34. Ra6 Kc8 35. Rg7 Kb8 36. Rxa4 Rc8 37. Raa7 Rc1+ 38. Kg2 Rb2 39. Raf7 Rcc2
40. Rf8+ Rc8 41. Rxc8+ Kxc8 42. Rxh7 Rc2 43. Ra7 b3 44. Ra1 b2 45. Rb1 Kd7 46.
h3 Kd6 47. g4 fxg4 48. hxg4 Kd5 49. Kg3 g5 50. f3 Re2 51. f4 Rxe3+ 52. Kf2 Rf3+
53. Ke2 Rxf4 54. Rxb2 Rxg4 55. Ke3 Rg3+ 56. Kf2 Rf3+ 57. Kg2 g4 58. Rb5+ Kxd4
59. Rg5 g3 60. Rg4 Ke3 61. Rh4 Rf4 62. Rh1 Rg4 63. Rf1 Kd2 64. Rf2+ gxf2+ 0-1

[Event "Mechanics' Winter TNM; G/2"]
[Site "San Francisco"]
[Date "2016.02.02"]
[Round "5.22"]
[White "Houshdaran, Soheil"]
[Black "Boldi, Ethan Vaugh"]
[Result "0-1"]
[WhiteElo "1829"]
[BlackElo "1528"]
[Annotator "Donaldson"]
[PlyCount "34"]
[EventDate "2016.??.??"]

1. e4 e6 2. d4 d5 3. Nc3 Nf6 4. e5 Nfd7 5. f4 c5 6. Nf3 Nc6 7. Be3 Qb6 8. Na4
Qa5+ 9. c3 cxd4 10. b4 Qc7 11. Nxd4 Nxd4 12. Bxd4 g6 (12... Be7 {or}) (12...
Nb8 {intending ...Nc6 are the main choices here.}) 13. f5 $2 ({
This pushes too hard. Correct was} 13. Bd3 {with the advantage.}) 13... gxf5
14. Bd3 Bg7 15. Bxf5 $2 exf5 16. O-O Nxe5 $19 17. Qh5 O-O 0-1

[Event "Mechanics' Winter TNM; G/2"]
[Site "San Francisco"]
[Date "2016.01.19"]
[Round "3.11"]
[White "Houshdaran, Soheil"]
[Black "Ortega, Bill"]
[Result "1-0"]
[WhiteElo "1829"]
[BlackElo "2090"]
[PlyCount "61"]
[EventDate "2016.??.??"]

1. e4 d5 2. exd5 Nf6 3. Bb5+ Bd7 4. Bxd7+ Qxd7 5. c4 c6 6. dxc6 Nxc6 7. Nf3 e5
8. O-O O-O-O 9. Nc3 h6 10. Re1 Bd6 11. Nd5 Bb8 12. Nxf6 gxf6 13. a3 f5 14. b4
e4 15. Nh4 Qd6 16. g3 Qf6 17. Rb1 Rhg8 18. Kh1 Rg4 19. Bb2 Be5 20. b5 Nd4 21.
Bxd4 Rxd4 22. Ng2 Rg8 23. f4 exf3 24. Qxf3 Rgd8 25. Ne3 Rxd2 26. Nd5 R8xd5 27.
cxd5 f4 28. Rbd1 Rb2 29. d6 fxg3 30. d7+ Kd8 31. Qxf6+ 1-0

[Event "Mechanics' Winter TNM; G/2"]
[Site "San Francisco"]
[Date "2016.01.05"]
[Round "1.29"]
[White "Houshdaran, Soheil"]
[Black "Rhizor, Jared"]
[Result "1-0"]
[WhiteElo "1829"]
[BlackElo "1246"]
[PlyCount "53"]
[EventDate "2016.??.??"]

1. e4 b6 2. d4 e6 3. Nf3 Bb7 4. Bd3 Nf6 5. Qe2 d5 6. exd5 Nxd5 7. O-O Bd6 8.
Qe4 Nc6 9. Qg4 g6 10. Bg5 Nce7 11. a3 h5 12. Qh4 Qd7 13. c4 Nf6 14. Bxf6 Rg8
15. Nc3 Nf5 16. Bxf5 exf5 17. Rfe1+ Kf8 18. Qg5 Be4 19. c5 Be7 20. Qh6+ Ke8 21.
Nxe4 Kd8 22. c6 Qe6 23. d5 Qc8 24. Qg5 Bxf6 25. Qxf6+ Ke8 26. Nd6+ Kf8 27.
Qxf7# 1-0

[Event "Mechanics' Summer TNM; G/2"]
[Site "San Francisco"]
[Date "2016.05.31"]
[Round "2.14"]
[White "Hua, Arnold"]
[Black "Cohee, James"]
[Result "1-0"]
[WhiteElo "1954"]
[BlackElo "1721"]
[PlyCount "77"]
[EventDate "2016.??.??"]

1. e4 c5 2. d4 cxd4 3. Nf3 e6 4. c3 d5 5. exd5 Qxd5 6. Qxd4 Qxd4 7. Nxd4 Bd7 8.
Nb5 Bxb5 9. Bxb5+ Nc6 10. Be3 a6 11. Bxc6+ bxc6 12. Nd2 Nf6 13. O-O Be7 14. a4
Nd5 15. Nc4 Nxe3 16. Nxe3 O-O 17. Rfd1 Rfd8 18. Rxd8+ Rxd8 19. Rd1 Rxd1+ 20.
Nxd1 c5 21. Kf1 Kf8 22. Ke2 Ke8 23. Kd3 Kd7 24. Kc4 Kc6 25. f4 a5 26. Nf2 g5
27. fxg5 Bxg5 28. Nd3 Be7 29. Ne5+ Kb6 30. Nxf7 Bf6 31. Nd6 Be5 32. Ne4 Bxh2
33. Nxc5 e5 34. Kd5 Bf4 35. Nd7+ Ka6 36. Nxe5 Bc1 37. Nc4 Bf4 38. g4 h6 39. Kc6
1-0

[Event "Mechanics' Alan Benson TNM; G/2"]
[Site "San Francisco"]
[Date "2016.09.06"]
[Round "6.5"]
[White "Hua, Arnold"]
[Black "Doyle, Bryon"]
[Result "0-1"]
[WhiteElo "1965"]
[BlackElo "2209"]
[PlyCount "68"]
[EventDate "2016.??.??"]

1. e4 c5 2. d4 cxd4 3. Nf3 d6 4. c3 dxc3 5. Nxc3 Nc6 6. Bc4 a6 7. a3 Nf6 8. h3
e6 9. Bf4 Be7 10. O-O Qc7 11. Ba2 O-O 12. Rc1 Qb8 13. Qe2 Ne5 14. Nh2 b5 15.
Rfd1 Bb7 16. Ng4 Rc8 17. Bxe5 dxe5 18. Nxf6+ Bxf6 19. Rd3 a5 20. Rcd1 b4 21.
Nb5 Bxe4 22. Qxe4 Qxb5 23. Rf3 Rd8 24. Rf1 Rac8 25. Bb1 h6 26. axb4 Qxb4 27.
Qh7+ Kf8 28. Rxf6 gxf6 29. Bg6 fxg6 30. Qxh6+ Ke7 31. Qg7+ Kd6 32. Qxf6 Qd2 33.
f4 Qd4+ 34. Kh1 Rf8 0-1

[Event "Mechanics' Alan Benson TNM; G/2"]
[Site "San Francisco"]
[Date "2016.08.02"]
[Round "1.17"]
[White "Hua, Arnold"]
[Black "Erdenebileg, Erkhe"]
[Result "1-0"]
[WhiteElo "1965"]
[BlackElo "1351"]
[PlyCount "59"]
[EventDate "2016.??.??"]

1. e4 e5 2. f4 exf4 3. Nf3 Nc6 4. d4 d6 5. Bxf4 Bg4 6. c3 Nf6 7. Bd3 g6 8. O-O
Bg7 9. h3 Bxf3 10. Qxf3 O-O 11. Bg5 h6 12. Bxf6 Bxf6 13. Qxf6 Qxf6 14. Rxf6 Kg7
15. Rf2 Rad8 16. Nd2 d5 17. e5 f6 18. exf6+ Rxf6 19. Re2 a6 20. Nb3 Rff8 21.
Nc5 Rde8 22. Ne6+ Rxe6 23. Rxe6 g5 24. Rg6+ Kh8 25. Rxh6+ Kg7 26. Rg6+ Kh8 27.
Re1 g4 28. Re3 g3 29. Rexg3 Rf7 30. Rg8# 1-0

[Event "Mechanics' Summer TNM; G/2"]
[Site "San Francisco"]
[Date "2016.06.14"]
[Round "4.12"]
[White "Hua, Arnold"]
[Black "Kim, Isaiah"]
[Result "1/2-1/2"]
[WhiteElo "1954"]
[BlackElo "1836"]
[PlyCount "72"]
[EventDate "2016.??.??"]

1. e4 c6 2. d3 d5 3. Nd2 e5 4. Ngf3 Bd6 5. Be2 Nf6 6. O-O O-O 7. Re1 Nbd7 8.
Bf1 Qc7 9. c3 Re8 10. Qc2 Nf8 11. g3 Ng6 12. Bg2 Bd7 13. Nf1 Re7 14. Bg5 dxe4
15. dxe4 Be6 16. Ne3 Rd7 17. Bxf6 gxf6 18. Nf5 Bc5 19. b3 Rad8 20. Rad1 Qb6 21.
Rxd7 Rxd7 22. Rf1 Qd8 23. h4 Ne7 24. h5 Bxf5 25. exf5 Rd3 26. Kh2 Qd7 27. Nd4
Rxd4 28. cxd4 Bxd4 29. f4 Nxf5 30. Rf3 Ne3 31. Qd3 e4 32. Qxe4 Ng4+ 33. Kh1
Nf2+ 34. Rxf2 Bxf2 35. Kh2 Qg4 36. Qf3 Qxf3 1/2-1/2

[Event "Mechanics' Alan Benson TNM; G/2"]
[Site "San Francisco"]
[Date "2016.08.16"]
[Round "3.4"]
[White "Hua, Arnold"]
[Black "Traub, Igor Vladim"]
[Result "0-1"]
[WhiteElo "1965"]
[BlackElo "2136"]
[PlyCount "43"]
[EventDate "2016.??.??"]

1. e4 c6 2. d3 d5 3. Nd2 e5 4. Ngf3 Bd6 5. Be2 Nf6 6. O-O a5 7. Re1 a4 8. a3
O-O 9. c3 Qc7 10. Qc2 Re8 11. Nf1 Nbd7 12. Ng3 g6 13. Bg5 Kg7 14. Qc1 Ng8 15.
h4 Nc5 16. Qe3 f6 17. h5 fxg5 18. hxg6 hxg6 19. Qxg5 Qe7 20. Nh5+ Kh7 21. Qg3
gxh5 22. Ng5+ 0-1

[Event "Mechanics' Alan Benson TNM; G/2"]
[Site "San Francisco"]
[Date "2016.08.30"]
[Round "5.6"]
[White "Hua, Arnold"]
[Black "Wang, Yuan"]
[Result "1/2-1/2"]
[WhiteElo "1965"]
[BlackElo "2068"]
[PlyCount "114"]
[EventDate "2016.??.??"]

1. e4 c5 2. d4 cxd4 3. Nf3 d6 4. c3 Nf6 5. Qxd4 Nc6 6. Qa4 e5 7. Nbd2 d5 8.
Nxe5 Bd7 9. Nxd7 Qxd7 10. Bb5 Bc5 11. O-O O-O 12. exd5 Nxd5 13. Nb3 Bb6 14.
Bxc6 bxc6 15. c4 Nf6 16. c5 Bc7 17. Bf4 Qg4 18. g3 Bxf4 19. Qxf4 Qxf4 20. gxf4
Rfe8 21. Rfe1 Kf8 22. Re5 Nd5 23. Rxd5 cxd5 24. f3 Re2 25. Rc1 Rxb2 26. c6 Rc8
27. Nd4 g6 28. Rc5 a6 29. Rxd5 Rxa2 30. f5 Rd2 31. f6 Ke8 32. Rd7 Rxd4 33. Rxd4
Rxc6 34. Rf4 Kd7 35. Kf2 Re6 36. Kg3 Kc6 37. Kg4 Re5 38. Rc4+ Rc5 39. Rxc5+
Kxc5 40. Kg5 a5 41. Kh6 a4 42. Kg7 a3 43. Kxf7 a2 44. Kg8 a1=Q 45. f7 Qa2 46.
Kg7 Qb2+ 47. Kxh7 Qf6 48. Kg8 Qe6 49. Kg7 Qe7 50. Kg8 Qe6 51. Kg7 Qe5+ 52. Kg8
Qxh2 53. f8=Q+ Qd6 54. Qxd6+ Kxd6 55. Kf7 Ke5 56. Kxg6 Kf4 57. Kh5 Kxf3 1/2-1/2

[Event "Mechanics' Summer TNM; G/2"]
[Site "San Francisco"]
[Date "2016.06.28"]
[Round "6.7"]
[White "Hua, Arnold"]
[Black "Wong, Russell"]
[Result "1-0"]
[WhiteElo "1954"]
[BlackElo "2200"]
[PlyCount "67"]
[EventDate "2016.??.??"]

1. e4 Nf6 2. Nc3 d5 3. exd5 Nxd5 4. d4 Nxc3 5. bxc3 g6 6. Nf3 Bg7 7. Bf4 O-O 8.
Bc4 Bg4 9. h3 Bxf3 10. Qxf3 c6 11. O-O Nd7 12. Rfd1 e6 13. Rab1 Nb6 14. Bb3 Qe7
15. Qe2 Rfd8 16. a4 Nd5 17. Bd2 b6 18. c4 Nc7 19. c3 c5 20. d5 Qh4 21. Qf3 Qf6
22. Qg3 Rd7 23. a5 e5 24. Ba4 b5 25. Bxb5 Nxb5 26. Rxb5 Qd6 27. Bc1 Rb8 28. Ba3
Rxb5 29. cxb5 Qc7 30. c4 Qxa5 31. Qe3 Qa4 32. Rc1 Bh6 {
Hastening the end, but Black was already in great difficulties.} 33. Qxc5 Bxc1
34. Qf8# 1-0

[Event "Mechanics' Alan Benson TNM; G/2"]
[Site "San Francisco"]
[Date "2016.08.16"]
[Round "3.29"]
[White "James, Charles"]
[Black "Arai, Gordon S"]
[Result "1-0"]
[WhiteElo "1380"]
[BlackElo "1737"]
[Annotator "Donaldson"]
[PlyCount "42"]
[EventDate "2016.??.??"]

1. d4 d5 2. c4 c6 3. Nf3 Nf6 4. Nc3 e6 5. cxd5 exd5 6. Qc2 Bb4 (6... g6 7. Bg5
Be7 8. e3 Bf5 9. Bd3 Bxd3 10. Qxd3 Nbd7) 7. Bg5 O-O 8. e3 h6 9. Bxf6 Qxf6 10.
Bd3 Re8 11. O-O h5 12. Rfe1 g5 13. Ne5 c5 14. Nxd5 Qd6 15. Nxb4 cxb4 16. f4 f6
17. Bh7+ Kf8 {Diagram [#]} 18. fxg5 $1 (18. Qg6 {was also strong.}) 18... f5 (
18... fxe5 19. Rf1+ Ke7 20. Rf6 Be6 21. Bf5 Kd8 22. d5 $1) 19. Bxf5 Bxf5 20.
Qxf5+ Ke7 21. Qh7+ Ke6 1-0

[Event "Mechanics' Spring TNM; G/2"]
[Site "San Francisco"]
[Date "2016.03.15"]
[Round "1.24"]
[White "James, Charles"]
[Black "Bayaraa, Chinguun"]
[Result "0-1"]
[WhiteElo "1370"]
[BlackElo "1919"]
[PlyCount "60"]
[EventDate "2016.??.??"]

1. d4 Nf6 2. c4 e6 3. Nc3 d5 4. cxd5 exd5 5. Bg5 c6 6. Qc2 Be7 7. e3 O-O 8.
Nge2 h6 9. Bxf6 Bxf6 10. f3 Re8 11. e4 dxe4 12. fxe4 Bxd4 13. Nxd4 Qxd4 14. Rd1
Qf6 15. Bc4 Be6 16. Be2 Nd7 17. Rd6 Qe5 18. Qd2 Nc5 19. Bf3 Bc4 20. Rd4 Ba6 21.
Ne2 Bxe2 22. Kxe2 f5 23. Kf2 fxe4 24. Re1 Qf5 25. Qe3 Nd3+ 26. Rxd3 exd3 27.
Qxe8+ Rxe8 28. Rxe8+ Kf7 29. Rd8 Qc5+ 30. Kg3 Qg5+ 0-1

[Event "Mechanics' Alan Benson TNM; G/2"]
[Site "San Francisco"]
[Date "2016.09.20"]
[Round "8.32"]
[White "James, Charles"]
[Black "Donnelly, Patrick"]
[Result "1/2-1/2"]
[WhiteElo "1380"]
[BlackElo "1641"]
[Annotator "Donaldson"]
[PlyCount "48"]
[EventDate "2016.??.??"]

1. d4 Nf6 2. c4 g6 3. Nc3 d5 4. cxd5 Nxd5 5. e4 Nxc3 6. bxc3 Bg7 7. Bc4 O-O 8.
Ne2 b6 9. O-O Bb7 10. f3 Nd7 11. Be3 c5 12. Qd2 cxd4 13. cxd4 Rc8 14. Rac1 e5
15. Bh6 Bxh6 16. Qxh6 exd4 17. Rfd1 Qf6 18. Rxd4 Ne5 19. Ng3 $4 (19. Qe3) 19...
Nxf3+ 20. gxf3 Qxd4+ 21. Kg2 Rxc4 (21... Qb2+ 22. Kh3 b5 $19) 22. Rxc4 Qxc4 $4
{Diagram [#]} (22... Qb2+ 23. Kg1 Rc8 $19) 23. Nf5 $3 Qxa2+ 24. Kg3 gxf5
1/2-1/2

[Event "Mechanics' Winter TNM; G/2"]
[Site "San Francisco"]
[Date "2016.02.09"]
[Round "6.45"]
[White "James, Charles"]
[Black "Henriques, Keith A"]
[Result "1-0"]
[WhiteElo "1369"]
[BlackElo "140"]
[Annotator "Donaldson"]
[PlyCount "47"]
[EventDate "2016.??.??"]

1. d4 d5 2. c4 Nf6 3. cxd5 Nxd5 4. e4 (4. Nf3) 4... Nb6 (4... Nf6 5. Nc3 e5 $1)
5. Nf3 Be6 6. Nc3 Bg4 7. Be2 Nc6 8. Be3 e6 9. a3 Be7 10. O-O O-O 11. b4 a6 12.
Rc1 Bxf3 13. gxf3 e5 14. d5 Nd4 15. Bxd4 exd4 16. Qxd4 Bf6 17. e5 Re8 18. exf6
Qxf6 19. Qxf6 gxf6 20. Rfd1 Rad8 21. Rd4 c6 22. Rg4+ Kh8 23. dxc6 Rg8 24. cxb7
1-0

[Event "Mechanics' Alan Benson TNM; G/2"]
[Site "San Francisco"]
[Date "2016.08.02"]
[Round "1.21"]
[White "James, Charles"]
[Black "Kondakov, Adrian"]
[Result "0-1"]
[WhiteElo "1380"]
[BlackElo "1946"]
[PlyCount "50"]
[EventDate "2016.??.??"]

1. d4 Nf6 2. c4 g6 3. Nc3 Bg7 4. e4 d6 5. f3 O-O 6. Be3 c5 7. Nge2 Nc6 8. d5
Ne5 9. Nc1 e6 10. Be2 exd5 11. cxd5 h5 12. b3 Nfd7 13. f4 Nf3+ 14. Kf2 Bxc3 15.
Rb1 Nd4 16. g4 Qh4+ 17. Kg2 Nxe2 18. Qxe2 Qxg4+ 19. Qxg4 hxg4 20. Ne2 Bg7 21.
h3 gxh3+ 22. Rxh3 Nf6 23. Rh4 Nxe4 24. Kf3 Bf5 25. Rbh1 Rfe8 0-1

[Event "Mechanics' Summer TNM; G/2"]
[Site "San Francisco"]
[Date "2016.07.05"]
[Round "7.30"]
[White "James, Charles"]
[Black "Lourme, Nicholas R"]
[Result "0-1"]
[WhiteElo "1342"]
[BlackElo "1808"]
[PlyCount "60"]
[EventDate "2016.??.??"]

1. d4 d5 2. c4 e6 3. Nc3 c6 4. cxd5 exd5 5. Qc2 Nf6 6. Bg5 Be7 7. Nf3 Nbd7 8.
e3 O-O 9. Bd3 h6 10. Bh4 b6 11. O-O Bb7 12. Rae1 Rc8 13. e4 c5 14. e5 Ne8 15.
Bxe7 Qxe7 16. Qe2 cxd4 17. Nxd4 Nc5 18. Bc2 Ba6 19. Ncb5 Nc7 20. a4 N7e6 21.
Nf5 Qd8 22. Qg4 Kh8 23. Re3 Qg5 24. Qxg5 Nxg5 25. f4 Nge6 26. Rff3 Bxb5 27.
axb5 a6 28. Nxh6 gxh6 29. Bf5 Ne4 30. Rh3 Rc1+ 0-1

[Event "Mechanics' Spring TNM; G/2"]
[Site "San Francisco"]
[Date "2016.04.19"]
[Round "6.38"]
[White "James, Charles"]
[Black "Malykin, Erika"]
[Result "0-1"]
[WhiteElo "1370"]
[BlackElo "1596"]
[PlyCount "62"]
[EventDate "2016.??.??"]

1. d4 Nf6 2. c4 e5 3. dxe5 Ng4 4. Nf3 Nc6 5. Bf4 Bb4+ 6. Nc3 Bxc3+ 7. bxc3 Ke7
{Likely touch move.} (7... Qe7) 8. h3 Nh6 9. Bg5+ f6 10. exf6+ gxf6 11. Bxh6 d6
12. e4 Be6 13. Be2 Rg8 14. g4 Rg6 15. Qd2 Qg8 16. Nh4 Ne5 17. Nxg6+ Qxg6 18. f3
Bxc4 19. Bxc4 Nxc4 20. Qf4 Ne5 21. O-O Nf7 22. Qe3 Nxh6 23. f4 Nf7 24. Rab1 b6
25. Qd4 Re8 26. Rb2 Kd8 27. Re2 h5 28. g5 fxg5 29. fxg5 Nxg5 30. Qf6+ Qxf6 31.
Rxf6 Nxe4 $11 {Black later won. Remaining moves unavailable.} 0-1

[Event "Mechanics' Alan Benson TNM; G/2"]
[Site "San Francisco"]
[Date "2016.08.30"]
[Round "5.28"]
[White "James, Charles"]
[Black "Marcus, Joel"]
[Result "0-1"]
[WhiteElo "1380"]
[BlackElo "1877"]
[PlyCount "44"]
[EventDate "2016.??.??"]

1. d4 d5 2. c4 Nc6 3. Nf3 Bg4 4. cxd5 Bxf3 5. gxf3 Qxd5 6. e3 e6 7. Nc3 Qh5 8.
Be2 Nge7 9. e4 O-O-O 10. Be3 f5 11. Qd2 f4 12. Bxf4 Nxd4 13. Rd1 Nec6 14. Qc1
Bb4 15. Rd3 Nxe2 16. Rxd8+ Rxd8 17. Kxe2 Nd4+ 18. Kf1 Qxf3 19. Rg1 Bxc3 20. Rg3
Qh1+ 21. Rg1 Qxg1+ 22. Kxg1 Ne2+ 0-1

[Event "Mechanics' Winter TNM; G/2"]
[Site "San Francisco"]
[Date "2016.01.12"]
[Round "2.26"]
[White "James, Charles"]
[Black "Marcus, Joel"]
[Result "0-1"]
[WhiteElo "1369"]
[BlackElo "1893"]
[PlyCount "50"]
[EventDate "2016.??.??"]

1. d4 d5 2. c4 Nc6 3. Nf3 Bg4 4. cxd5 Bxf3 5. exf3 Qxd5 6. Be3 Nf6 7. Nc3 Qa5
8. a3 O-O-O 9. Bb5 e5 10. Bxc6 bxc6 11. O-O exd4 12. b4 Qe5 13. Qa4 dxe3 14.
Qa6+ Kd7 15. Rac1 Bd6 16. g3 exf2+ 17. Kxf2 Rhe8 18. Rfd1 Re6 19. Na4 Qe3+ 20.
Kg2 Qe2+ 21. Qxe2 Rxe2+ 22. Kh3 Re3 23. Nc5+ Kc8 24. Ne4 Nxe4 25. fxe4 Rxa3 0-1

[Event "Mechanics' Spring TNM; G/2"]
[Site "San Francisco"]
[Date "2016.04.26"]
[Round "7.10"]
[White "James, Charles"]
[Black "Newey, Richard H"]
[Result "0-1"]
[WhiteElo "1370"]
[BlackElo "1819"]
[PlyCount "60"]
[EventDate "2016.??.??"]

1. d4 d5 2. c4 e6 3. Nc3 Nf6 4. cxd5 exd5 5. Bg5 Be7 6. Qc2 O-O 7. e3 Bg4 8. f3
Bh5 9. Bd3 Nbd7 10. Nge2 Rc8 11. O-O-O c5 12. dxc5 Rxc5 13. b4 Rc8 14. Qb3 a5
15. a3 Qb6 16. Kd2 Nc5 17. Qb1 Nxd3 18. Qxd3 Bg6 19. Qd4 Qxd4+ 20. Nxd4 axb4
21. Ncb5 bxa3 22. Ra1 Ra8 23. Ra2 Rfd8 24. Rc1 Ne4+ 25. fxe4 Bxg5 26. exd5 Rxd5
27. Nc7 Rxd4+ 28. Kc3 Rd3+ 29. Kb4 Be7+ 30. Kc4 Rc8 0-1

[Event "Mechanics' Summer TNM; G/2"]
[Site "San Francisco"]
[Date "2016.06.21"]
[Round "5.34"]
[White "James, Charles"]
[Black "Rakonitz, David"]
[Result "1-0"]
[WhiteElo "1342"]
[BlackElo "1659"]
[Annotator "Donaldson"]
[PlyCount "97"]
[EventDate "2016.??.??"]

1. d4 Nf6 2. c4 e6 3. Nc3 Bb4 4. Qc2 c5 5. dxc5 O-O 6. a3 Bxc5 7. Bf4 Nc6 8.
Nf3 Nd4 9. Nxd4 Bxd4 10. e3 Bb6 11. Bd6 Re8 12. c5 Bc7 13. Nb5 Nd5 14. Bd3 h6
15. O-O a6 16. Bxc7 Nxc7 17. Nd6 Rf8 18. e4 Ne8 19. e5 Nxd6 20. cxd6 b5 21. Be4
(21. Bh7+ Kh8 22. Be4) 21... Rb8 22. Rac1 Bb7 23. Bxb7 Rxb7 24. Qe4 Qb6 25. b4
f6 26. Rc5 fxe5 27. Qxe5 Rbb8 28. Rfc1 Rbc8 $4 29. Rxc8 Qxf2+ 30. Kh1 Rxc8 31.
Rxc8+ Kh7 32. Rc1 Qd2 33. Qc5 Qf4 34. Kg1 Qf6 35. Qc2+ Kg8 36. Qc8+ Kh7 37. Rf1
Qd4+ 38. Kh1 Qxd6 39. Qc2+ Kg8 40. Rd1 Qe5 41. g3 d5 42. Qg6 Qe2 43. Qd3 Qxd3
44. Rxd3 Kf7 45. Kg2 Ke7 46. Kf3 Kd6 47. Kf4 e5+ 48. Kf5 d4 49. Ke4 1-0

[Event "Mechanics' Fall TNM; G/2"]
[Site "San Francisco"]
[Date "2016.11.22"]
[Round "6.40"]
[White "James, Charles"]
[Black "Reed, Nicholas"]
[Result "1-0"]
[WhiteElo "1380"]
[BlackElo "586"]
[Annotator "Donaldson"]
[PlyCount "39"]
[EventDate "2016.??.??"]

1. d4 d5 2. c4 Nf6 3. cxd5 Nxd5 4. e4 (4. Nf3 {and then e4.}) 4... Nb6 (4...
Nf6 5. Nc3 e5 $1) 5. Nf3 Bg4 6. Be2 f5 $2 7. Nc3 (7. exf5) 7... fxe4 8. Nxe4
Nc6 9. Be3 Bxf3 10. Bxf3 e5 {Diagram [#]} 11. Qb3 (11. O-O $1 exd4 {
and now the simple 12.Bg5 is great but even stronger is Stockfish's line} 12.
Bh6 gxh6 13. Bh5+ Ke7 14. Qf3 {winning.}) 11... Bb4+ 12. Bd2 $2 (12. Kf1 $1)
12... Bxd2+ 13. Nxd2 Nxd4 14. Qc3 Nxf3+ (14... Qd7) 15. Nxf3 Nd7 $2 (15... O-O)
16. Rd1 e4 $4 17. Ne5 Qf6 18. Rxd7 Rf8 19. O-O Rd8 20. Qd4 1-0

[Event "Mechanics' Fall TNM; G/2"]
[Site "San Francisco"]
[Date "2016.11.08"]
[Round "4.31"]
[White "James, Charles"]
[Black "Sherwood, Peter"]
[Result "0-1"]
[WhiteElo "1380"]
[BlackElo "1688"]
[Annotator "Sherwood"]
[PlyCount "54"]
[EventDate "2016.??.??"]

1. d4 d5 2. c4 dxc4 3. e3 e6 4. Bxc4 Nf6 5. Nf3 c5 6. O-O a6 7. Bb3 Nc6 8. Qe2
Be7 9. Rd1 Qc7 10. e4 cxd4 11. e5 Nd7 12. Bf4 Bc5 13. Nbd2 b6 14. Nc4 O-O 15.
Rac1 Bb7 16. Nd6 Qb8 17. Bc2 h6 ({White's threat is} 17... -- 18. Bxh7+ Kxh7
19. Ng5+ Kg6 (19... Kg8 20. Qh5 $18) 20. Qe4+ $18) 18. Qd2 (18. Qe4 g6 19. Bxh6
Bxd6 20. exd6 Nce5 21. Nxe5 Bxe4 22. Nxd7 Qd8 23. Bxe4 Qxd7 24. Bxf8 Rxf8 25.
Rxd4 $16) 18... Ndxe5 19. Nxb7 Nxf3+ 20. gxf3 Qxb7 21. Bxh6 Ne5 (21... gxh6 $2
22. Qxh6 f5 23. Kh1 Qh7 (23... Ne7 24. Rg1+ Kf7 25. Qh5+ Kf6 26. Rce1) 24.
Qxe6+ Kh8 25. Qxc6) 22. Be4 Qxe4 23. fxe4 Nf3+ 24. Kh1 Nxd2 25. Rg1 $2 (25.
Bxd2) 25... Nxe4 26. Rxg7+ Kh8 27. Rg4 $4 (27. f3 $142 Nf2+) 27... Nxf2+ 0-1

[Event "Mechanics' Winter TNM; G/2"]
[Site "San Francisco"]
[Date "2016.02.23"]
[Round "8.15"]
[White "James, Charles"]
[Black "Sherwood, Peter"]
[Result "0-1"]
[WhiteElo "1369"]
[BlackElo "1671"]
[Annotator "Sherwood"]
[PlyCount "54"]
[EventDate "2016.??.??"]

1. d4 d5 2. c4 dxc4 3. Nf3 Nf6 4. e3 e6 5. Bxc4 c5 6. Nc3 Nc6 7. O-O cxd4 8.
exd4 Bd6 $6 9. Bg5 O-O 10. Re1 Be7 11. Rc1 a6 12. a3 b5 13. Ba2 b4 14. Ne4 Nxe4
15. Bxe7 Nxe7 16. Rxe4 Bb7 17. Rg4 bxa3 18. bxa3 Bd5 19. Bb1 Rc8 20. Rxc8 Qxc8
21. h3 Qc3 22. Bxh7+ $2 (22. Rg3) 22... Kxh7 23. Ng5+ Kg8 24. Rg3 Qc6 25. Qh5
Be4 26. Rg4 $2 Bg6 27. Qh4 Nf5 0-1

[Event "Mechanics' Spring TNM; G/2"]
[Site "San Francisco"]
[Date "2016.03.29"]
[Round "3.48"]
[White "James, Charles"]
[Black "Snead, Fia McCarty"]
[Result "1-0"]
[WhiteElo "1370"]
[BlackElo "766"]
[PlyCount "51"]
[EventDate "2016.??.??"]

1. d4 d5 2. c4 e6 3. Nc3 Nf6 4. cxd5 Nxd5 5. e4 Nxc3 6. bxc3 e5 7. Nf3 exd4 8.
cxd4 Bb4+ 9. Bd2 Bxd2+ 10. Qxd2 O-O 11. Bd3 Bg4 12. Ne5 Nc6 $2 13. Nxg4 Qxd4
14. O-O Nb4 15. Rad1 Rfd8 16. Ne5 Qxe5 17. Qxb4 Rd4 18. Qxb7 Rad8 19. Qb3 Qd6
20. Bc2 Kh8 21. Rxd4 Qxd4 22. Rd1 Qf6 23. Rxd8+ Qxd8 24. Qd3 Qf6 25. e5 Qxe5
26. Qxh7# 1-0

[Event "Mechanics' Summer TNM; G/2"]
[Site "San Francisco"]
[Date "2016.07.12"]
[Round "8.16"]
[White "Jensen, Christian"]
[Black "Andries, W Craig"]
[Result "1-0"]
[WhiteElo "1792"]
[BlackElo "1862"]
[PlyCount "73"]
[EventDate "2016.??.??"]

1. e4 g6 2. d4 Bg7 3. c4 d6 4. Nc3 Nc6 5. d5 Nd4 6. Nge2 Nxe2 7. Bxe2 Nf6 8.
Be3 c5 9. Rc1 O-O 10. g4 Qa5 11. O-O Ne8 12. Qd2 f5 13. gxf5 gxf5 14. f3 Rf6
15. Kh1 Rg6 16. Rg1 Nf6 17. Rxg6 hxg6 18. Bh6 fxe4 19. Bxg7 Kxg7 20. fxe4 Bd7
21. Rg1 Rh8 22. Qg5 Be8 23. e5 dxe5 24. Qxe5 Qd8 25. Ne4 Bf7 26. Nxc5 Qb8 27.
Qxb8 Rxb8 28. Bd3 b6 29. Ne6+ Kh6 30. Ng5 Bg8 31. Nf3 Bh7 32. Ne5 g5 33. Bxh7
Nxh7 34. Nc6 Rf8 35. Kg2 Rf4 36. b3 Re4 37. Kf3 {
White went on to win remaining moves unavailable.} 1-0